000 00676nam a2200289Ia 4500
005 20260324150438.0
008 008 260324s9999 xx 000 0 eng d
020 _a9781315129112
037 _aEBOOK
040 _aCRL
040 _beng
040 _cCRL
041 _2eng
041 _aeng
084 _qCRL
100 _aNevitt Sanford
_91226443
245 0 _aSelf and Society
245 0 _bSocial Change and Individual Development
260 _bTaylor and Francis
260 _c1966
365 _a
365 _b230
856 _uhttp://www.taylorfrancis.com/books/9781315129112
942 _cEBOOK
999 _c1835902
_d1835902